Iglesias de los Mayas (Record no. 8134)
[ view plain ]
| 000 -CABECERA | |
|---|---|
| campo de control de longitud fija | 01219nam a2200277 a 4500 |
| 001 - NÚMERO DE CONTROL | |
| campo de control | BRCA_8467 |
| 005 - FECHA Y HORA DE LA ÚLTIMA TRANSACCIÓN | |
| campo de control | 20190320210309.0 |
| 008 - DATOS DE LONGITUD FIJA--INFORMACIÓN GENERAL | |
| campo de control de longitud fija | 130116s2009----mx-a######---#000-0#spa-# |
| 020 ## - NÚMERO INTERNACIONAL ESTÁNDAR DEL LIBRO | |
| Número Internacional Estándar del Libro | 9786070020544 |
| 041 ## - CÓDIGO DE LENGUA | |
| Código de lengua del texto/banda sonora o título independiente | spa |
| 044 ## - CÓDIGO DEL PAÍS DE LA ENTIDAD EDITORA/PRODUCTORA | |
| Código MARC del país | mx |
| 050 #4 - SIGNATURA TOPOGRÁFICA DE LA BIBLIOTECA DEL CONGRESO | |
| Número de clasificación | NA5256.Y8 |
| Número de documento/Ítem | .G37 2009 |
| 100 1# - ENTRADA PRINCIPAL--NOMBRE DE PERSONA | |
| Nombre de persona | García-Pimentel, Carmen Cusi de |
| Fechas asociadas al nombre | 1927-2008 |
| 9 (RLIN) | 21205 |
| 245 10 - MENCIÓN DE TÍTULO | |
| Título | Iglesias de los Mayas |
| Resto del título | edificios religiosos de la Península de Yucatán desde el siglo XVI |
| Mención de responsabilidad, etc. | texto por Carmen Cusi de García-Pimentel ; fotografías por J.B. Johnson. |
| 260 ## - PUBLICACIÓN, DISTRIBUCIÓN, ETC. | |
| Lugar de publicación, distribución, etc. | México |
| Nombre del editor, distribuidor, etc. | El Autor |
| Fecha de publicación, distribución, etc. | 2009 |
| 300 ## - DESCRIPCIÓN FÍSICA | |
| Extensión | 170 p. |
| Otras características físicas | il. a color |
| Dimensiones | 33 cm. |
| 500 ## - NOTA GENERAL | |
| Nota general | Incluye glosario e índice alfabético |
| 500 ## - NOTA GENERAL | |
| Nota general | Incluye compendio de las iglesias de la península de Yucatán con localización en los estados de Campeche, Quintana Roo y Yucatán |
| 504 ## - NOTA DE BIBLIOGRAFÍA, ETC. | |
| Nota de bibliografía, etc. | Bibliografía : p. 165 |
| 650 14 - PUNTO DE ACCESO ADICIONAL DE MATERIA--TÉRMINO DE MATERIA | |
| Término de materia o nombre geográfico como elemento de entrada | Arquitectura de iglesias |
| Subdivisión general | Obras ilustradas |
| Subdivisión geográfica | Yucatán |
| 9 (RLIN) | 21206 |
| 650 14 - PUNTO DE ACCESO ADICIONAL DE MATERIA--TÉRMINO DE MATERIA | |
| Término de materia o nombre geográfico como elemento de entrada | Arquitectura religiosa |
| Subdivisión general | Obras ilustradas |
| Subdivisión geográfica | Yucatán |
| 9 (RLIN) | 21207 |
| 650 14 - PUNTO DE ACCESO ADICIONAL DE MATERIA--TÉRMINO DE MATERIA | |
| Término de materia o nombre geográfico como elemento de entrada | Arquitectura colonial |
| Subdivisión general | Obras ilustradas |
| Subdivisión geográfica | Yucatán |
| 9 (RLIN) | 21208 |
| 650 14 - PUNTO DE ACCESO ADICIONAL DE MATERIA--TÉRMINO DE MATERIA | |
| Término de materia o nombre geográfico como elemento de entrada | Iglesias |
| Subdivisión de forma | Obras ilustradas |
| Subdivisión general | Decoración y ornamentación |
| Subdivisión geográfica | Yucatán |
| 9 (RLIN) | 21209 |
| 700 1# - PUNTO DE ACCESO ADICIONAL--NOMBRE DE PERSONA | |
| Nombre de persona | Johnson, J.B. |
| Término indicativo de función/relación | il. |
| 9 (RLIN) | 21210 |
| 942 ## - ELEMENTOS DE PUNTO DE ACCESO ADICIONAL (KOHA) | |
| Fuente del sistema de clasificación o colocación | Library of Congress Classification |
| Tipo de ítem Koha | Libros |
| Estado de retiro | Estado de pérdida | Estado dañado | No para préstamo | Localización permanente | Ubicación/localización actual | Fecha de adquisición | Total de préstamos | Signatura topográfica completa | Código de barras | Fecha visto por última vez | Precio válido a partir de | Tipo de ítem Koha |
|---|---|---|---|---|---|---|---|---|---|---|---|---|
| El ejemplar forma parte de la colección y puede ser consultado según las políticas vigentes. | Biblioteca del Museo Franz Mayer (Rogerio Casas-Alatriste) | Biblioteca del Museo Franz Mayer (Rogerio Casas-Alatriste) | 13/01/2016 | NA5256.Y8 .G37 2009 | 02904 | 22/03/2019 | 22/03/2019 | Libros |